000
00304nam a22001337a 4500
008
180919b xxu||||| |||| 00| 0 eng d
020
_a
9780632036622
041
_a
eng
080
_a
541
100
_a
12
101
_a
KIM
245
_a
Genetics of Bacterial Virulence
_c
Dorman, Ch. J
942
_2
udc
_c
BK
999
_c
48084
_d
48084